Reglamento del Registro Mercantil Español

Bibliographic Details
Corporate Author: Spain
Format: Electronic eBook
Language:Spanish
Published: Barcelona : www.Linkgua.com, 2011.
Series:Diferencias. (Linkgua Ediciones)
Subjects:
Online Access:Digitalia Hispánica

MARC

LEADER 00000nam a2200000Ii 4500
001 DIGLINK00750
003 NyNyDIG
006 m o d
007 cr |||||||||||
008 140301s2011 sp o 000 0 spa d
020 |a 9788499534237  |q (eBook) 
020 |z 9788498975222 
040 |a DGITA  |b eng  |e pn  |c DGITA 
043 |a e-sp--- 
050 1 4 |a KKT1055 eBook 
110 1 |a Spain.  
245 1 0 |a Reglamento del Registro Mercantil Español  
264 1 |a Barcelona :  |b www.Linkgua.com,  |c 2011.  
300 |a 1 online resource (271 pages) 
336 |a text  |b txt  |2 rdacontent 
337 |a computer  |b c  |2 rdamedia 
338 |a online resource  |b cr  |2 rdacarrier 
490 1 |a Diferencias.  
505 0 |a Exposición de motivos -- Real Decreto 1784/1996, de 19 de julio, por el que se aprueba el Reglamento del Registro Mercantil -- Título preliminar. Del Registro Mercantil en general -- Título I. De la organización y funcionamiento del Registro Mercantil -- Título II. De la inscripción de los empresarios y sus actos -- Título III. De otras funciones del Registro Mercantil -- Título IV. Del Registro Mercantil Central. 
650 0 |a Business enterprises  |x Registration and transfer  |z Spain. 
650 0 |a Administrative law  |z Spain.  
655 0 |a Electronic books. 
791 2 |a Digitalia (Firm),  |e distributor. 
830 0 |a Diferencias. (Linkgua Ediciones) 
793 0 |g Digitalia eBook Collection:  |a Linkgua. 
856 4 0 |3 Digitalia Hispánica  |u https://www.digitaliapublishing.com/a/16494/ 
910 |a Premium Collection: 2007-2012